=LDR 00000nam 2200000 4500 =001 INLIS000000000020838 =005 20130612115744 =008 ***********************************Ind** =035 ##$$a0010-061300000020838 =041 ##$$a Ind =090 ##$$a 510.7, Mar m =100 ##$$a Martono,Koko =245 ##$$a Matematika dan kecakapan hidup untuk SMA kurikulum 2004 (kurikulum berbasis komputer), Koko Martono =300 ##$$a ...jil., ilus., 27 cm =650 ##$$a Matematika-Studi dan Pengajaran =850 ##$$a NBPNMAT =990 ##$$a 92002/BPAP-NTB/2014 =990 ##$$a 94517/BPAP-NTB/2014 =990 ##$$a 21197059/BPAP-NTB/2014 =990 ##$$a 0001/BPAP-NTB/20142014